| 000 | 02019nam a2200361 c 4500 | ||
|---|---|---|---|
| 001 | 58775 | ||
| 003 | CO-BoRNBP | ||
| 005 | 20250828142208.0 | ||
| 007 | ta | ||
| 008 | 231019t2023 ck a|||br|||| 00| pdspa d | ||
| 020 | _a9786289524048 | ||
| 040 |
_aCO-BoRNBP _bspa _erda _cCO-BoRNBP |
||
| 041 | 0 | _aspa | |
| 043 | _as-ck--- | ||
| 084 | _aP | ||
| 100 |
_aVeloza Ruiz, Jorge, _d1949- _eaut |
||
| 245 | 1 | 0 |
_aAbuelo de pájaro : _bpoemas, adivinanzas y trabalenguas / _cJorge Veloza Ruiz ; ilustraciones de Gabriela Otálora. |
| 250 | _aEdición especial | ||
| 264 | 1 |
_aBogotá, Colombia : _bMonigote, _c2023 |
|
| 300 |
_a59 páginas : _bilustraciones a color |
||
| 336 |
_atexto _btxt _2rdacontent |
||
| 337 |
_asin mediación _bn _2rdamedia |
||
| 338 |
_avolumen _bnc _2rdacarrier |
||
| 500 | _aIncluye datos biográficos de autor e ilustradora | ||
| 520 | 2 | _aLos poemas, las adivinanzas y los trabalenguas de Abuelo de pájaro hacen que la lectura de este libro sea una experiencia muy cercana al juego, a la creatividad, al humor y la expresividad verbal y corporal. Compuestos con la sensibilidad y la musicalidad innata del maestro Jorge Velosa, los poemas les cantan a los animales, a la amistad, a la compasión, al trabajo en equipo, a las tradiciones y a la vecindad, entre otros. Las adivinanzas, tal vez el plato fuerte del libro, nos llevan a preguntarnos tanto a grandes como a niños acerca de la belleza, de lo simple y de lo valioso de ciertos objetos, animales y alimentos sobre los que cotidianamente no nos detenemos. Con sus acertijos y juegos de palabras, el maestro Velosa nos invita a hacer una pausa para observarlos de cerca, apreciarlos, y agradecerlos | |
| 521 | 1 | _aRecomendado para un público infantil mayor de 6 años | |
| 650 | 0 | 7 |
_aAdivinanzas _2LEMB _9960 |
| 650 | 0 | 7 |
_aTrabalenguas _2LEMB _9961 |
| 650 | 0 | 4 |
_aPoesía infantil colombiana _ySiglo XXI _2LEMB _91772 |
| 650 | 0 | 4 |
_aLiteratura infantil colombiana _2LEMB _934 |
| 700 |
_aOtálora, Gabriela _eill |
||
| 942 |
_2loc _cBKLITI |
||
| 999 |
_c58775 _d58775 |
||